| 000 | 00965pam a2200301 a 4500 | ||
|---|---|---|---|
| 001 | 4507050 | ||
| 003 | OSt | ||
| 005 | 20140310182816.0 | ||
| 008 | 980618s1999 mau b 001 0 eng | ||
| 010 | _a 98027193 | ||
| 020 | _a0201526425 | ||
| 040 |
_aDLC _cDLC |
||
| 050 | 0 | 0 |
_aQA 76.7 _b.Se43 1999 |
| 100 | 1 | _aSebesta, Robert W. | |
| 245 | 1 | 0 |
_aConcepts of programming languages / _cRobert W. Sebesta. |
| 250 | _a4th ed. | ||
| 260 |
_aReading, Mass. : _bAddison-Wesley, _c1999. |
||
| 300 |
_axv, 670 p. ; _c24 cm. _bill. ; |
||
| 504 | _aIncludes bibliographical references (p. 641-651) and index. | ||
| 521 | _aIT | ||
| 526 | _c1210L-1700L | ||
| 650 | 0 | _aProgramming languages (Electronic computers) | |
| 906 |
_a7 _bcbc _corignew _d1 _eocip _f19 _gy-gencatlg |
||
| 942 |
_2lcc _cBK _kFOR |
||
| 999 |
_c16285 _d16285 |
||